| 000 | 00344nam a2200133Ia 4500 | ||
|---|---|---|---|
| 008 | 240624s9999 xx 000 0 und d | ||
| 041 | _aeng | ||
| 082 | _a658.4012 RAM | ||
| 100 | _aRAMADAN AL | ||
| 245 | _aPLAY BIGGER HOW PIRATES DREAMERS AND INN | ||
| 260 |
_c2016 _aNew York _bHarperCollins |
||
| 300 | _axv, 255 p.; 23 cm. | ||
| 365 |
_c _b38 |
||
| 999 |
_c30615 _d30615 |
||